00695 2200253 4500001002100000005001500021035002000036007000300056008004100059020002200100082000800122084001400130100002100144245009300165250001000258260004300268300003600311700001000347700001100357504003100368600002000399990001100419990001100430INLIS00000000000329720190608105102 a0010-0619000046ta190608 g 0 ind  a978-602-51766-7-8 a420 a420 FIT l0 aFITRI, Rahmawati1 aLangsung Bisa & Mahir Jago Grammar /cFitri Rahmawati; editor, Surya; penyunting, Komala acet.1 aTanggerang Selatan :bCemerlang,c2018 avi, 111 hlm. :bilus. ;c19 cm.0 aSURYA0 aKOMALA aBibliografi : hlm. 109-111 4aBAHASA. INGGRIS a6733 a a6733 b